000 01427nam0a22003011 4500
001 rc\4042926
005 20250611070039.0
021 _aRU
_b[50-9315]
035 _a(NLR Aleph) 008100671
090 _a9242085
_c9242085
100 _a20130415d1950 |||y0rusy50 ca
101 0 _arus
102 _aRU
105 _ay j |||||
200 1 _aОсновные фонды и производственные мощности промышленности СССР
_eСтенограмма лекции
_fВысш. парт. школа при ЦК ВКП(б)
210 _aМосква
_cТип. Высш. парт. школы
_d1950
215 _a32 с.
_d22
225 1 _aКурс "Основы советской экономики и практика руководства отраслями народного хозяйства"
300 _aПеред загл. авт.: П.С. Иванов
606 _aПромышленные предприятия
_xОсновные фонды
_2psbo
606 _aПромышленные предприятия
_xПроизводственная мощность
_2psbo
700 1 _aИванов
_bП. С.
_cд-р экон. наук, эконономика пром-сти
_gПавел Сергеевич
_9223575
_3RU\NLR\AUTH\770223631
801 0 _aRU
_bNLR
_gpsbo
801 1 _aRU
_bELAR
_2rusmarc
852 _aNLR
_jЭк40 Г-6/411
942 _cBOOK
980 _aNB